000 00643nam a2200241Ia 4500
005 20260121112815.0
008 8955 260114s9999 xx 000 0 eng d
020 _a9789812777621
037 _aEBOOK
040 _aCRL
_beng
_cCRL
041 _aeng
_2eng
084 _qCRL
100 _aCai C W Et Al
_9963533
245 0 _aExact Analysis of Bi-Periodic Structures
260 _bWorld Scientific
260 _bWSPC
260 _c2002
650 _aEngineering / Acoustics
_9963534
856 _uhttps://www.worldscientific.com/worldscibooks/10.1142/4940#t=toc
942 _cEBOOK
999 _c1546255
_d1546255